000 00399pab a2200157 454500
008 180718b2013 xxu||||| |||| 00| 0 eng d
100 _aArvind Kumar
245 _aCan India match China's manoeuvres?
260 _c2013
300 _ap.10-12.
362 _aMay
650 _aIndia - Foreign relations - China
650 _aInternational relations
773 _aThird Concept
909 _a114072
999 _c114066
_d114066